[Event "FIDE Women's World Championship"]
[Site "Elista RUS"]
[Date "2004.05.27"]
[EventDate "2004.05.22"]
[Round "3.4"]
[Result "1-0"]
[White "Natalia Zhukova"]
[Black "Antoaneta Stefanova"]
[WhiteElo "2471"]
[BlackElo "2490"]
[PlyCount "91"]

1. d4 d5 2. c4 c6 3. Nf3 Nf6 4. Nc3 a6 5. c5 Nbd7 6. h3 Qc7
7. Bg5 h6 8. Bh4 Nh5 9. g4 g5 10. gxh5 gxh4 11. Rg1 b6
12. cxb6 Qxb6 13. Qd2 Rb8 14. O-O-O e6 15. Qc2 Qc7 16. e3 Be7
17. Rg7 c5 18. dxc5 Bf6 19. Rg4 Qxc5 20. Nd4 Ne5 21. Rg1 Nc6
22. Nb3 Qb6 23. Na4 Qc7 24. Kb1 Bd7 25. a3 Qe5 26. Nac5 a5
27. Rg4 Ke7 28. e4 a4 29. Nxa4 Nb4 30. Qc5+ Qd6 31. Qxd6+ Kxd6
32. Nac5 Nc6 33. exd5 exd5 34. Nxd7 Kxd7 35. Rxd5+ Kc7 36. Rf4
Be7 37. Ka2 Ra8 38. Rb5 f6 39. Bg2 Ra6 40. Rc4 Kd6 41. Rd5+
Kc7 42. Nd4 Rb8 43. Rf5 Bd6 44. Nxc6 Rxb2+ 45. Kxb2 Rxa3
46. Nb4+ 1-0

[Event "FIDE Women's World Championship"]
[Site "Elista RUS"]
[Date "2004.05.27"]
[EventDate "2004.05.22"]
[Round "3.5"]
[Result "1-0"]
[White "Antoaneta Stefanova"]
[Black "Natalia Zhukova"]
[WhiteElo "2490"]
[BlackElo "2471"]
[PlyCount "113"]

1. d4 e6 2. Nf3 c5 3. g3 Nf6 4. Bg2 Nc6 5. O-O Qb6 6. dxc5
Bxc5 7. c4 Ne4 8. e3 O-O 9. a3 a5 10. Qc2 f5 11. Nc3 Nxc3
12. Qxc3 a4 13. Rb1 d6 14. Ne1 e5 15. Nd3 Na5 16. Bd5+ Kh8
17. Nxc5 Qxc5 18. e4 f4 19. gxf4 exf4 20. b4 axb3 21. Bb2 Qc7
22. Kh1 Nc6 23. Rg1 Ne5 24. c5 Ng4 25. Rxg4 Bxg4 26. Rg1 h5
27. f3 dxc5 28. fxg4 f3 29. Qe3 Kh7 30. Qg5 Ra6 31. gxh5 f2
32. Rf1 c4 33. Bxc4 Raf6 34. Bxf6 Rxf6 35. Bxb3 Qc3 36. Bd5
Qf3+ 37. Qg2 Qe2 38. Bxb7 Qb2 39. Bd5 Qd2 40. a4 Qe2 41. a5
Qe3 42. a6 Qd4 43. Bb7 Qe3 44. Bd5 Qd4 45. Qg3 Qc5 46. Kg2
Rxa6 47. Qxf2 Qc3 48. Qf5+ Kh6 49. Qg4 Rb6 50. Rf2 Qe5
51. Qf4+ Qxf4 52. Rxf4 Kxh5 53. Kg3 Kg5 54. h4+ Kg6 55. Kg4
Rb1 56. Bf7+ Kh6 57. Kf5 1-0

[Event "FIDE Women's World Championship"]
[Site "Elista RUS"]
[Date "2004.05.27"]
[EventDate "2004.05.22"]
[Round "3.6"]
[Result "0-1"]
[White "Natalia Zhukova"]
[Black "Antoaneta Stefanova"]
[WhiteElo "2471"]
[BlackElo "2490"]
[PlyCount "107"]

1. d4 d5 2. c4 c6 3. Nf3 Nf6 4. Nc3 a6 5. a4 e6 6. Bg5 Qa5
7. Bxf6 gxf6 8. e3 Qb4 9. Qc2 dxc4 10. Nd2 b5 11. Be2 Bb7
12. O-O Nd7 13. Bf3 Rb8 14. axb5 axb5 15. Ra7 Bg7 16. Nde4 O-O
17. Ng3 f5 18. Nh5 Nf6 19. Nxg7 Kxg7 20. e4 fxe4 21. Nxe4 Nxe4
22. Bxe4 Qd6 23. Qc3 f6 24. Qh3 f5 25. Bf3 Rf7 26. Qh4 b4
27. Rc1 c3 28. bxc3 bxc3 29. Rxc3 Rd8 30. Rb3 Rdd7 31. Qg5+
Kh8 32. h4 Qe7 33. Rbxb7 Qxg5 34. Rb8+ Kg7 35. hxg5 Rxa7
36. Bxc6 Ra1+ 37. Kh2 Rd1 38. Rd8 Rc7 39. Ba4 Ra1 40. Bb3 Ra6
41. d5 exd5 42. Bxd5 Kg6 43. f4 h6 44. g4 hxg5 45. Rg8+ Kf6
46. fxg5+ Ke5 47. Bg2 fxg4 48. Kg3 Kf5 49. Kh4 Rh7+ 50. Kg3
Rc7 51. Bf1 Ra3+ 52. Kf2 Rc2+ 53. Kg1 Rc6 54. Bb5 0-1

[Event "FIDE Women's World Championship"]
[Site "Elista RUS"]
[Date "2004.05.29"]
[EventDate "2004.05.22"]
[Round "4.1"]
[Result "1-0"]
[White "Antoaneta Stefanova"]
[Black "Nana Dzagnidze"]
[WhiteElo "2490"]
[BlackElo "2452"]
[PlyCount "129"]

1. d4 Nf6 2. Bg5 e6 3. Nd2 c5 4. e3 Be7 5. Bxf6 Bxf6 6. c3
cxd4 7. exd4 O-O 8. Bd3 b6 9. Qe2 Bb7 10. Ngf3 d6 11. h4 Re8
12. O-O-O Nd7 13. Ne4 Qc7 14. Nfg5 d5 15. Nxf6+ Nxf6 16. Rde1
a5 17. Rh3 a4 18. a3 h6 19. Nf3 Ne4 20. Kb1 Rac8 21. Ne5 f6
22. Ng6 Qf7 23. h5 Qc7 24. Re3 Qd6 25. Bc2 Bc6 26. f3 Ng5
27. g4 Rc7 28. Nh4 Rcc8 29. Qd3 Qd7 30. Qg6 Rcd8 31. Ng2 Qc7
32. Bf5 exf5 33. Rxe8+ Rxe8 34. Rxe8+ Bxe8 35. Qxe8+ Kh7
36. Qg6+ Kh8 37. Qxf5 Qc4 38. Ne3 Qe2 39. Nxd5 Qd1+ 40. Ka2
Nxf3 41. Ne3 Qe2 42. Qc8+ Kh7 43. Nf5 Qd1 44. Ne3 Qe2 45. Qe8
Nd2 46. Qg6+ Kh8 47. Qe8+ Kh7 48. d5 Qd3 49. Qg6+ Qxg6
50. hxg6+ Kxg6 51. c4 Kf7 52. b4 axb3+ 53. Kb2 f5 54. gxf5 h5
55. Kc3 Nf3 56. Kxb3 Ne5 57. c5 bxc5 58. a4 Ke7 59. a5 Kd7
60. Nc4 Nf7 61. a6 Kc8 62. d6 h4 63. d7+ Kc7 64. a7 Kb7
65. Nd6+ 1-0

[Event "FIDE Women's World Championship"]
[Site "Elista RUS"]
[Date "2004.05.30"]
[EventDate "2004.05.22"]
[Round "4.2"]
[Result "1-0"]
[White "Nana Dzagnidze"]
[Black "Antoaneta Stefanova"]
[WhiteElo "2452"]
[BlackElo "2490"]
[PlyCount "83"]

1. d4 d5 2. c4 c6 3. Nf3 Nf6 4. Nc3 a6 5. a4 e6 6. Bg5 a5
7. e3 Na6 8. Be2 Be7 9. O-O Nb4 10. Ne5 O-O 11. f4 b6 12. Na2
Bb7 13. Nxb4 axb4 14. Bxf6 Bxf6 15. cxd5 exd5 16. Bd3 c5
17. Qc2 g6 18. Bb5 Bxe5 19. fxe5 Qg5 20. Rf3 Rac8 21. Qf2 cxd4
22. exd4 Rc1+ 23. Rxc1 Qxc1+ 24. Qf1 Rc8 25. Qxc1 Rxc1+
26. Rf1 Rc2 27. Rf6 Bc8 28. Rxb6 Be6 29. b3 Rc3 30. a5 Rxb3
31. Ba4 Ra3 32. Rxb4 Bc8 33. Bc6 Kg7 34. Ra4 Rc3 35. Bxd5 Ba6
36. Bf3 Rc2 37. d5 Kf8 38. Rb4 h5 39. Rb6 Be2 40. d6 Bxf3
41. Rb8+ Kg7 42. gxf3 1-0

[Event "FIDE Women's World Championship"]
[Site "Elista RUS"]
[Date "2004.05.30"]
[EventDate "2004.05.22"]
[Round "4.3"]
[Result "1/2-1/2"]
[White "Antoaneta Stefanova"]
[Black "Nana Dzagnidze"]
[WhiteElo "2490"]
[BlackElo "2452"]
[PlyCount "95"]

1. d4 Nf6 2. Bg5 e6 3. Nd2 c5 4. e3 Be7 5. Bxf6 Bxf6 6. c3 b6
7. Ngf3 O-O 8. h4 Ba6 9. Bxa6 Nxa6 10. Ne4 d5 11. Nxf6+ Qxf6
12. h5 h6 13. Ne5 Qg5 14. Kf1 Rac8 15. Rh3 Nb8 16. Qa4 a6
17. Kg1 b5 18. Qd1 Qe7 19. Rg3 Nc6 20. Qg4 f5 21. Nxc6 Rxc6
22. Qf4 Qc7 23. Qxc7 Rxc7 24. dxc5 Rxc5 25. a4 a5 26. Rg6 Kf7
27. b4 Rc7 28. axb5 axb4 29. cxb4 Rb8 30. Ra6 Re7 31. Ra5 Reb7
32. g4 fxg4 33. Rxg4 Rxb5 34. Rf4+ Ke7 35. Ra4 R8b7 36. Kg2
Kd6 37. Rg4 Ke5 38. Rf4 R5b6 39. Kg3 Kd6 40. Rg4 Ke5 41. Rf4
Kd6 42. Ra8 Rxb4 43. Rxb4 Rxb4 44. Ra7 Rb1 45. Kg2 Rb4 46. Kg3
Rb1 47. Kg2 Rb4 48. Kg3 1/2-1/2

[Event "FIDE Women's World Championship"]
[Site "Elista RUS"]
[Date "2004.05.30"]
[EventDate "2004.05.22"]
[Round "4.4"]
[Result "0-1"]
[White "Nana Dzagnidze"]
[Black "Antoaneta Stefanova"]
[WhiteElo "2452"]
[BlackElo "2490"]
[PlyCount "116"]

1. c4 Nf6 2. b3 c6 3. Bb2 d5 4. Nf3 Bg4 5. e3 e6 6. Be2 Bxf3
7. gxf3 Nbd7 8. f4 a5 9. d3 a4 10. Nd2 Bb4 11. O-O a3 12. Bc1
e5 13. fxe5 Nxe5 14. Nf3 Qc7 15. Bd2 Bxd2 16. Qxd2 O-O 17. Qc3
Rfe8 18. Kh1 Rad8 19. Rg1 Nxf3 20. Bxf3 d4 21. Qd2 dxe3
22. fxe3 Qe5 23. Rae1 Ne4 24. Bxe4 Qxe4+ 25. dxe4 Rxd2 26. Rg2
Red8 27. Rge2 Kf8 28. Kg2 Rxe2+ 29. Rxe2 Rd1 30. Kf3 Ke7
31. Rg2 Ra1 32. h4 g6 33. Rd2 Rh1 34. b4 Rh3+ 35. Kf4 Rxh4+
36. Ke5 f6+ 37. Kd4 f5 38. b5 cxb5 39. cxb5 Rxe4+ 40. Kc5 Rxe3
41. Kb6 Re5 42. Rd3 f4 43. Rb3 g5 44. Kxb7 f3 45. b6 g4
46. Kc6 Re6+ 47. Kd5 Rxb6 48. Rxb6 f2 49. Rb7+ Kf6 50. Rb8 Kg7
51. Rb7+ Kg6 52. Rb6+ Kg5 53. Rb1 g3 54. Ke4 g2 55. Rb5+ Kg4
56. Rb7 f1=Q 57. Rg7+ Kh5 58. Rxh7+ Kg6 0-1

[Event "FIDE Women's World Championship"]
[Site "Elista RUS"]
[Date "2004.05.31"]
[EventDate "2004.05.22"]
[Round "5.1"]
[Result "1/2-1/2"]
[White "Antoaneta Stefanova"]
[Black "Maia Chiburdanidze"]
[WhiteElo "2490"]
[BlackElo "2502"]
[PlyCount "93"]

1. d4 d5 2. Bg5 h6 3. Bh4 c6 4. Nf3 Qb6 5. Qc1 g5 6. Bg3 g4
7. Ne5 Qxd4 8. c4 Bg7 9. e3 Qb6 10. cxd5 Nd7 11. Nc4 Qb4+
12. Nc3 cxd5 13. Nd2 Ngf6 14. Nb5 O-O 15. a3 Qc5 16. Qxc5 Nxc5
17. Nc7 Rb8 18. Nxd5 Nxd5 19. Bxb8 Bxb2 20. Ra2 Bc3 21. Bxa7
Ne4 22. Bd4 Ba5 23. Bd3 Nxd2 24. Rxd2 Rd8 25. Ke2 Bxd2
26. Kxd2 Nf4 27. exf4 Rxd4 28. Ke3 Ra4 29. Rc1 Bd7 30. Rc3 Bc6
31. Bc2 Ra5 32. Be4 Bxe4 33. Kxe4 Kg7 34. f3 h5 35. fxg4 hxg4
36. Rb3 Kf6 37. h3 Ra4+ 38. Ke3 gxh3 39. gxh3 Kf5 40. Rb5+ Kg6
41. Rb3 f6 42. Kf3 Kf5 43. Rb5+ e5 44. fxe5 Rxa3+ 45. Ke2 fxe5
46. Rxb7 Rxh3 47. Rb4 1/2-1/2

[Event "36th Olympiad, Women"]
[Site "Calvia ESP"]
[Date "2004.10.16"]
[EventDate "2004.10.15"]
[Round "2"]
[Result "1-0"]
[White "Antoaneta Stefanova"]
[Black "Carolina Lujan"]
[WhiteElo "2523"]
[BlackElo "2325"]
[PlyCount "71"]

1. e4 c5 2. Nf3 e6 3. d4 cxd4 4. Nxd4 a6 5. Nc3 Qc7 6. Bd3 Nc6
7. Nxc6 dxc6 8. O-O e5 9. f4 Bc5+ 10. Kh1 Nf6 11. f5 h5
12. Qf3 Ng4 13. Bg5 f6 14. Bd2 Bd7 15. Nd1 O-O-O 16. a4 g6
17. fxg6 Rdg8 18. Ne3 Nxe3 19. Bxe3 Bxe3 20. Qxe3 Rxg6 21. Bc4
Kb8 22. Qc5 Bc8 23. Rad1 Rd8 24. Be2 Bg4 25. Rxd8+ Qxd8
26. Rd1 Qc8 27. Bxg4 Rxg4 28. Qe7 Rxe4 29. Qxf6 Ka7 30. Qf2+
c5 31. b3 Rf4 32. Qe3 Rd4 33. Re1 e4 34. Qg5 c4 35. Qe3 Qc5
36. b4 1-0

[Event "36th Olympiad, Women"]
[Site "Calvia ESP"]
[Date "2004.10.17"]
[EventDate "2004.10.15"]
[Round "3.6"]
[Result "1/2-1/2"]
[White "Koneru Humpy"]
[Black "Antoaneta Stefanova"]
[WhiteElo "2503"]
[BlackElo "2523"]
[PlyCount "72"]

1. d4 Nf6 2. Nf3 d5 3. c4 e6 4. Nc3 dxc4 5. Qa4+ c6 6. Qxc4 b5
7. Qb3 Nbd7 8. Bf4 a6 9. Rd1 Qa5 10. Bd2 Qc7 11. g3 c5 12. Bg2
Bb7 13. O-O c4 14. Qc2 b4 15. Bf4 Qa5 16. Qa4 Qb6 17. Nb1 Qb5
18. Qc2 Be4 19. Qc1 Rc8 20. Ne5 Bxg2 21. Kxg2 Be7 22. Nxd7
Nxd7 23. e4 Qa4 24. a3 a5 25. Rd2 O-O 26. Rc2 c3 27. bxc3 bxa3
28. Ra2 Qb3 29. Qc2 a4 30. Bc1 e5 31. Bxa3 Bxa3 32. Qxb3 axb3
33. Rxa3 exd4 34. Rxb3 Nc5 35. Rb4 Nxe4 36. Rxd4 Nxc3 1/2-1/2

[Event "36th Olympiad, Women"]
[Site "Calvia ESP"]
[Date "2004.10.22"]
[EventDate "2004.10.15"]
[Round "7"]
[Result "0-1"]
[White "Antoaneta Stefanova"]
[Black "Alexandra Kosteniuk"]
[WhiteElo "2523"]
[BlackElo "2508"]
[PlyCount "68"]

1. e4 c5 2. Nf3 Nc6 3. d4 cxd4 4. Nxd4 Nf6 5. Nc3 d6 6. Bg5 e6
7. Qd2 Qb6 8. O-O-O Be7 9. Nb3 O-O 10. f3 a6 11. g4 Rd8
12. Qe1 Qc7 13. h4 b5 14. Be3 Nd7 15. f4 Bb7 16. g5 Rac8
17. Rh2 Nc5 18. h5 b4 19. Nd5 exd5 20. exd5 Na5 21. Nxa5 Qxa5
22. Bxc5 Re8 23. Bd4 Qxa2 24. Qxb4 Bxd5 25. Rh3 Be4 26. Bd3 d5
27. Qb7 Qa1+ 28. Kd2 Qa4 29. c3 Bxd3 30. Rxd3 Rb8 31. Qxd5
Bxg5 32. b4 Bxf4+ 33. Be3 Bxe3+ 34. Rxe3 Rbd8 0-1

[Event "36th Olympiad, Women"]
[Site "Calvia ESP"]
[Date "2004.10.24"]
[EventDate "2004.10.15"]
[Round "9"]
[Result "0-1"]
[White "Antoaneta Stefanova"]
[Black "Shadi Paridar"]
[WhiteElo "2523"]
[BlackElo "2242"]
[PlyCount "80"]

1. d4 d5 2. c4 e6 3. Nf3 Nf6 4. g3 Be7 5. Bg2 O-O 6. O-O dxc4
7. Qc2 a6 8. a4 Bd7 9. Rd1 Bc6 10. Nc3 Bxf3 11. Bxf3 Nc6
12. Bxc6 bxc6 13. a5 Qb8 14. Qa4 Qb3 15. Qxc6 Nd5 16. Bd2 Rfd8
17. Nxd5 exd5 18. Qxc7 Bd6 19. Qc6 Qxb2 20. Bg5 Rac8 21. Qxa6
f6 22. Be3 Qxe2 23. Qb5 Qf3 24. a6 h5 25. a7 h4 26. gxh4 Kh8
27. Kf1 c3 28. Re1 Re8 29. Qd7 Rcd8 30. a8=Q Rxa8 31. Kg1 Bb4
32. Qb7 Qg4+ 33. Kf1 Qh3+ 34. Kg1 Qg4+ 35. Kf1 Rab8 36. Qxd5
Qh3+ 37. Qg2 Qf5 38. h5 c2 39. Rec1 Bc3 40. Ra4 Bb2 0-1

[Event "36th Olympiad, Women"]
[Site "Calvia ESP"]
[Date "2004.10.25"]
[EventDate "2004.10.15"]
[Round "10"]
[Result "1-0"]
[White "Antoaneta Stefanova"]
[Black "Corina-Isabela Peptan"]
[WhiteElo "2523"]
[BlackElo "2429"]
[PlyCount "147"]

1. e4 c5 2. Nf3 d6 3. d4 cxd4 4. Nxd4 Nf6 5. Nc3 Nc6 6. Bg5 e6
7. Qd2 a6 8. O-O-O Qc7 9. Bxf6 gxf6 10. f4 h5 11. Kb1 Bd7
12. f5 O-O-O 13. g3 Kb8 14. Bh3 Nxd4 15. Qxd4 Be7 16. Qf2 Qc5
17. Qe1 Rc8 18. Rd2 Rc7 19. fxe6 fxe6 20. Ne2 h4 21. Nf4 hxg3
22. hxg3 e5 23. Ne6 Bxe6 24. Bxe6 Rxh1 25. Qxh1 Qe3 26. Rd3
Qe2 27. Bb3 Qg4 28. a4 f5 29. exf5 Qxf5 30. Bd5 Qf2 31. Qd1
Bg5 32. Rf3 Qc5 33. Qd3 Ka7 34. Qe4 Qg1+ 35. Ka2 Qd4 36. Qxd4+
exd4 37. Be4 Re7 38. Bd3 Re3 39. Rf7 Re7 40. Rf8 Rg7 41. g4
Be7 42. Rf4 d5 43. Rxd4 Bf6 44. Rf4 Be5 45. Rf5 Bg3 46. Be2
Rc7 47. Kb3 Re7 48. Bf3 d4 49. g5 Re6 50. Kc4 Rb6 51. b3 Bh4
52. Be4 d3 53. Kxd3 Rd6+ 54. Ke2 Re6 55. Kf3 Re7 56. Bd5 Be1
57. g6 Kb8 58. Kg4 Bc3 59. Rf8+ Kc7 60. Bf7 a5 61. Rg8 Kb6
62. Kf5 Re5+ 63. Kf4 Re2 64. Bd5 Re7 65. Rd8 Bg7 66. Bf7 Rc7
67. Rg8 Bh6+ 68. Ke4 Rxc2 69. Rh8 Bg7 70. Rh7 Bf6 71. g7 Bxg7
72. Rxg7 Rc7 73. Rg6+ Kc5 74. Rg5+ 1-0

[Event "36th Olympiad, Women"]
[Site "Calvia ESP"]
[Date "2004.10.26"]
[EventDate "2004.10.15"]
[Round "11"]
[Result "1/2-1/2"]
[White "Natalia Zhukova"]
[Black "Antoaneta Stefanova"]
[WhiteElo "2481"]
[BlackElo "2523"]
[PlyCount "73"]

1. d4 Nf6 2. c4 e6 3. Nf3 d5 4. Nc3 dxc4 5. e4 Bb4 6. Bg5 c5
7. e5 cxd4 8. Nxd4 Bxc3+ 9. bxc3 Qa5 10. exf6 Qxg5 11. fxg7
Rg8 12. Qc2 Rxg7 13. Bxc4 Bd7 14. g3 Nc6 15. O-O Nxd4 16. cxd4
Bc6 17. Rae1 Kf8 18. f4 Qh4 19. Qf2 Rd8 20. Re5 Kg8 21. Bb3
Kh8 22. Rd1 Qg4 23. f5 Bd5 24. Rd2 f6 25. Rxe6 Bxe6 26. fxe6
f5 27. d5 f4 28. Rd3 Rc8 29. d6 fxg3 30. hxg3 Qh3 31. Qb2 Rf8
32. Qg2 Qf5 33. e7 Qc5+ 34. Kh2 Qh5+ 35. Kg1 Qc5+ 36. Kh2 Qh5+
37. Kg1 1/2-1/2

[Event "36th Olympiad, Women"]
[Site "Calvia ESP"]
[Date "2004.10.27"]
[EventDate "2004.10.15"]
[Round "12"]
[Result "1/2-1/2"]
[White "Iweta Radziewicz Rajlich"]
[Black "Antoaneta Stefanova"]
[WhiteElo "2449"]
[BlackElo "2523"]
[PlyCount "46"]

1. d4 d5 2. c4 c6 3. e3 Nf6 4. Nc3 a6 5. Be2 e6 6. Qc2 dxc4
7. a4 c5 8. Nf3 Nc6 9. dxc5 Nb4 10. Qb1 Nd3+ 11. Bxd3 cxd3
12. b4 a5 13. bxa5 Bxc5 14. Qb5+ Nd7 15. Qxd3 Qxa5 16. O-O Qd8
17. Nb5 O-O 18. Ba3 b6 19. Rfd1 Qe7 20. Qe4 Rb8 21. Qf4 Bb7
22. Qg3 f6 23. Ra2 Rbc8 1/2-1/2

[Event "36th Olympiad, Women"]
[Site "Calvia ESP"]
[Date "2004.10.28"]
[EventDate "2004.10.15"]
[Round "13"]
[Result "0-1"]
[White "Antoaneta Stefanova"]
[Black "Anna Muzychuk"]
[WhiteElo "2523"]
[BlackElo "2383"]
[PlyCount "114"]

1. d4 e6 2. g3 f5 3. Bg2 Nf6 4. Nf3 g6 5. c4 Bg7 6. b4 O-O
7. Bb2 d6 8. Qb3 Qe7 9. Nbd2 Nbd7 10. O-O Kh8 11. Rae1 e5
12. e4 f4 13. dxe5 Nxe5 14. Nxe5 dxe5 15. Bc3 g5 16. Qb2 Nd7
17. c5 b5 18. Rd1 Nb8 19. a4 a6 20. Ra1 Bb7 21. axb5 axb5
22. Rxa8 Bxa8 23. Ra1 Nc6 24. Nb3 Rd8 25. Qe2 Nd4 26. Bxd4
exd4 27. Qxb5 d3 28. Rxa8 Rxa8 29. Qxd3 Rd8 30. Qe2 Qe5
31. Na5 Qa1+ 32. Bf1 fxg3 33. hxg3 Bd4 34. c6 Qc3 35. Kg2 Qxb4
36. Nc4 Qc5 37. Qd2 Bf6 38. Qe3 Qxc6 39. f3 g4 40. fxg4 Rd4
41. Bd3 Rxc4 42. Bxc4 Qxc4 43. Qf4 Kg7 44. Kh3 Qc5 45. Qd2 Qe7
46. Qd5 c5 47. Kg2 h6 48. Qc6 Bd4 49. Kh3 Qf7 50. e5 Qf1+
51. Kh4 Bxe5 52. g5 hxg5+ 53. Kg4 Bd4 54. Qd5 Qf7 55. Qe4 Qd7+
56. Kxg5 Bf6+ 57. Kf4 Qd4 0-1

[Event "SmartFish Chess Masters"]
[Site "Drammen NOR"]
[Date "2004.12.27"]
[EventDate "2004.12.27"]
[Round "1"]
[Result "1-0"]
[White "Bartlomiej Macieja"]
[Black "Antoaneta Stefanova"]
[WhiteElo "2613"]
[BlackElo "2523"]
[PlyCount "59"]

1. e4 e5 2. Nf3 Nc6 3. Bc4 Bc5 4. c3 Nf6 5. d3 a6 6. h3 Ba7
7. Bb3 d6 8. Nbd2 Ne7 9. Nf1 Ng6 10. Ng3 O-O 11. O-O h6
12. Re1 Be6 13. d4 Re8 14. Be3 Qc8 15. Bc2 c5 16. Qd2 b5
17. Nf5 Bxf5 18. exf5 Ne7 19. Bxh6 Nxf5 20. Bg5 Nh7 21. dxe5
dxe5 22. Nxe5 Nxg5 23. Qxg5 Nh6 24. Be4 Rb8 25. Bd5 Rb6
26. Nxf7 Nxf7 27. Re7 Rxe7 28. Qxe7 Qf5 29. Qxa7 Kh7 30. Qa8
1-0

[Event "SmartFish Chess Masters"]
[Site "Drammen NOR"]
[Date "2004.12.28"]
[EventDate "2004.12.27"]
[Round "2"]
[Result "0-1"]
[White "Antoaneta Stefanova"]
[Black "Luke McShane"]
[WhiteElo "2523"]
[BlackElo "2629"]
[PlyCount "120"]

1. d4 Nf6 2. Bg5 Ne4 3. Bf4 d6 4. f3 Nf6 5. e4 e5 6. dxe5 Nh5
7. Be3 dxe5 8. Qxd8+ Kxd8 9. Bc4 Ke8 10. Ne2 Nd7 11. Kf2 Bc5
12. g3 Ke7 13. Rd1 Nhf6 14. Nd2 Rd8 15. a4 a5 16. Nc3 Bxe3+
17. Kxe3 Nb6 18. Bb3 Bd7 19. Nc4 Nxc4+ 20. Bxc4 c6 21. Rd2 Be8
22. Rad1 Rxd2 23. Rxd2 Nd7 24. f4 f6 25. b3 Nc5 26. h4 Rd8
27. Rf2 h6 28. fxe5 fxe5 29. g4 Rd6 30. Ne2 Rf6 31. Rg2 g5
32. hxg5 hxg5 33. Rh2 Bg6 34. Bd3 Rf7 35. Rh8 Rh7 36. Rxh7+
Bxh7 37. Ng3 Bg8 38. Nf5+ Kd8 39. Kd2 Nd7 40. Ke3 Be6 41. Nd6
Kc7 42. Ne8+ Kb6 43. Be2 Kc5 44. Ng7 Bf7 45. Nf5 Be6 46. Ng7
Bg8 47. Kd3 Kb4 48. Nf5 Nc5+ 49. Ke3 Kc3 50. Bd1 Kb2 51. Nd6
Kc1 52. Be2 Kxc2 53. Bc4 Bxc4 54. Nxc4 Kxb3 55. Nxe5 Kxa4
56. Nf3 Ne6 57. Nxg5 Nxg5 58. Kf4 Ne6+ 59. Kf5 Kb4 60. Kxe6 a4
0-1

[Event "SmartFish Chess Masters"]
[Site "Drammen NOR"]
[Date "2004.12.29"]
[EventDate "2004.12.27"]
[Round "3"]
[Result "1/2-1/2"]
[White "Alexander Khalifman"]
[Black "Antoaneta Stefanova"]
[WhiteElo "2669"]
[BlackElo "2523"]
[PlyCount "92"]

1. d4 d5 2. c4 c6 3. Nf3 Nf6 4. Nc3 a6 5. Qb3 dxc4 6. Qxc4 b5
7. Qd3 e6 8. e4 c5 9. dxc5 Bxc5 10. e5 Ng4 11. Qxd8+ Kxd8
12. Bg5+ Ke8 13. Bh4 Nd7 14. Bg3 Bb7 15. Be2 Rb8 16. O-O Bxf3
17. gxf3 Ngxe5 18. a4 bxa4 19. Nxa4 Bd4 20. f4 Nc6 21. Bxa6
Ne7 22. Rfd1 Nf5 23. Bd3 Nxg3 24. hxg3 Rb4 25. Bb5 Bxf2+
26. Kxf2 Rxb5 27. Nc5 Rxb2+ 28. Kf1 Nxc5 29. Ra8+ Ke7 30. Rxh8
Rb3 31. Rc8 Ne4 32. Rc7+ Kf6 33. Rdd7 Nxg3+ 34. Kg2 Nf5
35. Rxf7+ Kg6 36. Rf8 Rb2+ 37. Kf3 Rb3+ 38. Kf2 Rb4 39. Kf3
Rb3+ 40. Kf2 Rb4 41. Kf3 h5 42. Rc1 Rb3+ 43. Kf2 Rb2+ 44. Kf3
Rb3+ 45. Kf2 Rb2+ 46. Kf3 Rb3+ 1/2-1/2

[Event "SmartFish Chess Masters"]
[Site "Drammen NOR"]
[Date "2005.01.01"]
[EventDate "2004.12.27"]
[Round "5"]
[Result "1/2-1/2"]
[White "Peter Heine Nielsen"]
[Black "Antoaneta Stefanova"]
[WhiteElo "2663"]
[BlackElo "2523"]
[PlyCount "90"]

1. d4 d5 2. c4 c6 3. Nc3 Nf6 4. e3 a6 5. Qc2 Bg4 6. h3 Bh5
7. Qb3 Ra7 8. cxd5 cxd5 9. g4 Bg6 10. g5 Ne4 11. Qxd5 Qxd5
12. Nxd5 Nxg5 13. Bg2 Be4 14. Rh2 Bxg2 15. Rxg2 Ne4 16. f3 Nf6
17. Nxf6+ gxf6 18. e4 e6 19. Be3 Ra8 20. Ne2 Bb4+ 21. Kf2 Nd7
22. Rc1 Ke7 23. d5 Rac8 24. dxe6 Rxc1 25. Nxc1 fxe6 26. Nd3
Bd6 27. Rg7+ Ke8 28. Bf4 Bf8 29. Rg1 Nc5 30. Ke2 Nxd3 31. Kxd3
e5 32. Be3 Kf7 33. a4 Be7 34. Rc1 Bd6 35. Rc3 Rd8 36. Rb3 Rd7
37. Ke2 Rc7 38. Bb6 Rd7 39. Rc3 Bb4 40. Rc2 f5 41. exf5 Kf6
42. Be3 Kxf5 43. Rc4 Be7 44. Rc8 e4 45. fxe4+ Ke5 1/2-1/2

[Event "SmartFish Chess Masters"]
[Site "Drammen NOR"]
[Date "2005.01.02"]
[EventDate "2004.12.27"]
[Round "6"]
[Result "1/2-1/2"]
[White "Antoaneta Stefanova"]
[Black "Magnus Carlsen"]
[WhiteElo "2523"]
[BlackElo "2581"]
[PlyCount "153"]

1. d4 Nf6 2. Bg5 d5 3. e3 c5 4. Nd2 Nc6 5. Ngf3 cxd4 6. exd4
Qb6 7. Nb3 Ne4 8. Bf4 Bg4 9. Be2 a5 10. a4 e6 11. O-O Bd6
12. Ne5 Bxe2 13. Qxe2 Qc7 14. f3 Nf6 15. Rae1 O-O 16. Bg5 Nd7
17. f4 Rae8 18. Bh4 f6 19. Nxd7 Qxd7 20. Qb5 Qc7 21. Bg3 f5
22. Rf3 Bb4 23. c3 Na7 24. Qe2 Bd6 25. Nc1 Nc8 26. Nd3 Nb6
27. Bh4 Nd7 28. Re3 Nf6 29. Rxe6 Ne4 30. Rxe8 Rxe8 31. Ne5
Bxe5 32. dxe5 Qc6 33. Qb5 Qxb5 34. axb5 Kf7 35. Bf2 a4 36. Ra1
Ra8 37. Be3 a3 38. bxa3 Nxc3 39. Kf1 Ke6 40. b6 Ra4 41. Bd2 d4
42. Rc1 Nd5 43. Rc8 Nxb6 44. Rd8 Nc4 45. Bb4 Ne3+ 46. Ke2 Ra6
47. g3 Rc6 48. Kd3 g5 49. Kxd4 gxf4 50. Re8+ Kd7 51. Re7+ Kd8
52. Rxh7 Rc4+ 53. Kd3 b5 54. e6 Re4 55. e7+ Kd7 56. gxf4 Nd5
57. Bc5 Nxf4+ 58. Kd2 Ne6 59. Bb4 Nd4 60. Rf7 Nc6 61. Bc3 Rxe7
62. Rxf5 Rh7 63. Rxb5 Rxh2+ 64. Kd3 Rh3+ 65. Kc2 Rh2+ 66. Kb3
Rh3 67. Rd5+ Kc7 68. a4 Kb6 69. Rg5 Na5+ 70. Kc2 Rh2+ 71. Kd3
Rh3+ 72. Kc2 Rh2+ 73. Kd3 Rh3+ 74. Kd4 Rh4+ 75. Kd5 Rxa4
76. Rg6+ Kb5 77. Bxa5 1/2-1/2

[Event "SmartFish Chess Masters"]
[Site "Drammen NOR"]
[Date "2005.01.04"]
[EventDate "2004.12.27"]
[Round "8"]
[Result "0-1"]
[White "Antoaneta Stefanova"]
[Black "Alexey Shirov"]
[WhiteElo "2523"]
[BlackElo "2726"]
[PlyCount "78"]

1. d4 Nf6 2. Bg5 Ne4 3. Bf4 c5 4. d5 e6 5. f3 Nf6 6. e4 exd5
7. exd5 d6 8. Nc3 Be7 9. Qd2 a6 10. a4 O-O 11. Nge2 Re8 12. g4
Qa5 13. Ng3 b5 14. g5 b4 15. Nce2 Nfd7 16. Ne4 Qc7 17. a5 Bf8
18. N2g3 Ne5 19. Kf2 Nbd7 20. h4 f5 21. gxf6 Nxf6 22. Nxf6+
gxf6 23. Bh6 Kh8 24. h5 Qf7 25. Bxf8 Qxf8 26. Bh3 Bxh3
27. Rxh3 f5 28. Qg5 h6 29. Qf4 Ng4+ 30. Kg1 Ne3 31. Rh2 Qg7
32. Rd2 Re5 33. Kh2 Nxd5 34. Qh4 f4 35. Ne4 Rg8 36. Kh1 Ne3
37. Nxd6 Rd5 38. Qh2 Rxd2 39. Qxd2 Qd7 0-1

[Event "Corus Tournament: Group B"]
[Site "Wijk aan Zee NED"]
[Date "2005.01.15"]
[EventDate "2005.01.15"]
[Round "1"]
[Result "1/2-1/2"]
[White "Peter Heine Nielsen"]
[Black "Antoaneta Stefanova"]
[WhiteElo "2648"]
[BlackElo "2491"]
[PlyCount "128"]

1. d4 d5 2. c4 c6 3. Nf3 Nf6 4. Nc3 a6 5. c5 Nbd7 6. Bf4 Nh5
7. Bd2 Nhf6 8. Qc2 g6 9. h3 Qc7 10. e4 Nxe4 11. Nxe4 dxe4
12. Qxe4 Nf6 13. Qe5 Qxe5+ 14. dxe5 Nd7 15. Be3 Bg7 16. e6
fxe6 17. O-O-O e5 18. Bc4 h6 19. Rhe1 e4 20. Nd2 Ne5 21. Bd4
Nd3+ 22. Bxd3 Bxd4 23. Nxe4 Be6 24. Nd6+ exd6 25. Bxg6+ Kd8
26. Rxd4 Bd5 27. cxd6 Kd7 28. Re7+ Kxd6 29. Rxb7 Ke5 30. Rg4
Bxa2 31. f4+ Kd6 32. Bf5 a5 33. b3 Rhb8 34. Rg6+ Kc5 35. Rc7
Bxb3 36. Rcxc6+ Kb4 37. Rxh6 Bd5 38. Rc2 a4 39. Rd6 Bb3
40. Rc7 Re8 41. Kd2 Ka3 42. Bc2 Kb2 43. Rb6 Rad8+ 44. Bd3 Rg8
45. g4 Rh8 46. Ke2 Rxh3 47. Bf5 Re8+ 48. Kf2 Ree3 49. Kg2
Rhg3+ 50. Kh2 Rgf3 51. Rc2+ Ka3 52. Rd2 Rxf4 53. Rc6 Rff3
54. Rc1 Rh3+ 55. Kg2 Reg3+ 56. Kf2 Rh2+ 57. Kxg3 Rxd2 58. g5
Kb2 59. Rb1+ Kc3 60. g6 Bd5 61. Ra1 Kb3 62. Rb1+ Kc3 63. Ra1
Kb3 64. Rb1+ Kc3 1/2-1/2

[Event "Corus Tournament: Group B"]
[Site "Wijk aan Zee NED"]
[Date "2005.01.16"]
[EventDate "2005.01.15"]
[Round "2"]
[Result "1/2-1/2"]
[White "Antoaneta Stefanova"]
[Black "Sergey Karjakin"]
[WhiteElo "2491"]
[BlackElo "2599"]
[PlyCount "51"]

1. c4 c5 2. Nf3 Nc6 3. d4 cxd4 4. Nxd4 Nf6 5. g3 Qb6 6. Nc2 e6
7. Bg2 d5 8. O-O Be7 9. cxd5 exd5 10. Nc3 O-O 11. Nxd5 Nxd5
12. Qxd5 Be6 13. Qh5 Bf6 14. e4 Ne5 15. Ne3 Nd3 16. a4 Rac8
17. Qe2 Qb3 18. Nd5 Bxd5 19. exd5 Rc2 20. Qf3 Rxc1 21. Raxc1
Nxc1 22. Rxc1 Qxa4 23. Rc7 Qb4 24. d6 Qxd6 25. Qxb7 Bd8
26. Rc8 1/2-1/2